De cuerpo presente. Las ciencias cognitivas y la experiencia humana.
Gespeichert in:
| 1. Verfasser: | |
|---|---|
| Weitere Verfasser: | , |
| Format: | Buch |
| Veröffentlicht: |
Barcelona, España:
Gedisa,
2011.
|
| Ausgabe: | Cuarta reedición. |
| Schriftenreihe: | Ciencias Cognitivas
|
| Schlagworte: | |
| Tags: |
Tag hinzufügen
Keine Tags, Fügen Sie den ersten Tag hinzu!
|
MARC
| LEADER | 00000nam a22000007a 4500 | ||
|---|---|---|---|
| 003 | CL-VaPUC | ||
| 005 | 20250407202437.0 | ||
| 008 | 250306t2011 ||||| |||| 00| 0 eng d | ||
| 999 | |c 447143 |d 447141 | ||
| 020 | |a 978-84-7432-419-8 | ||
| 040 | |c Pontificia Universidad Católica de Valparaíso | ||
| 082 | 0 | 4 | |a 153.4 VAR 2011 |2 21 |
| 100 | |a Varela García, Francisco Javier |e autor |9 563379 | ||
| 245 | 1 | 0 | |a De cuerpo presente. |b Las ciencias cognitivas y la experiencia humana. |
| 250 | |a Cuarta reedición. | ||
| 260 | |a Barcelona, España: |b Gedisa, |c 2011. | ||
| 300 | |a 318 páginas. | ||
| 490 | 0 | |a Ciencias Cognitivas | |
| 500 | |a c.1.-c.3. Instituto Arcos 8-1-2025. | ||
| 583 | |a last modification |c 19931204 00:00:00 | ||
| 650 | 0 | |a Psicología cognitiva |9 306250 | |
| 700 | 0 | |a Thompson, Evan |e autor |9 324139 | |
| 700 | 0 | |a Rosch, Eleanor |e autora |9 324140 | |
| 942 | |c BK |2 ddc |n 0 | ||
| 952 | |0 0 |1 0 |2 ddc |4 0 |6 153_400000000000000_VAR_2011 |7 0 |8 A |9 600692 |a BIBINC |b BIBINC |d 2025-03-06 |e Instituto Arcos |i 5665636 |o 153.4 VAR 2011 |p 5665636 |r 2025-03-06 |t 1 |w 2025-03-06 |y BK |k IFP | ||
| 952 | |0 0 |1 0 |2 ddc |4 0 |6 153_400000000000000_VAR_2011 |7 0 |8 A |9 600693 |a BIBINC |b BIBINC |d 2025-03-06 |e Instituto Arcos |i 5665637 |o 153.4 VAR 2011 |p 5665637 |r 2025-03-06 |t 2 |w 2025-03-06 |y BK |k IFP | ||
| 952 | |0 0 |1 0 |2 ddc |4 0 |6 153_400000000000000_VAR_2011 |7 0 |8 A |9 600694 |a BIBINC |b BIBINC |d 2025-03-06 |e Instituto Arcos |i 5665638 |o 153.4 VAR 2011 |p 5665638 |r 2025-03-06 |t 3 |w 2025-03-06 |y BK |k IFP | ||